000 00512nam a22002417a 4500
003 UA-OsUOA
001 28331
007 ta
008 20050317b un ||||| |||| 00| 0 ukr d
090 _a34(031)
_bЮ70
942 _cBK
040 _aUA-OsUOA
_bukr
_cUA-OsUOA
_dUA-OsUOA
245 _aП- С
300 _a733 с.
_bІлюстрації
955 _a0
041 _aukr
080 _a34(031)
020 _a966-7492-05-2
260 _aК.
_c2003
044 _aUA
650 7 _2UDC
999 _c314696
_d314696